[Event "EU-Cup 22nd"]
[Site "Fuegen"]
[Date "2006.10.13"]
[Round "6.1"]
[White "Ivanchuk, Vassily"]
[Black "Prusikin, Michael"]
[Result "1-0"]
[WhiteElo "2741"]
[BlackElo "2560"]
[Annotator "Krasenkow,M"]
[PlyCount "142"]
[EventDate "2006.10.08"]
[EventType "team-swiss"]
[EventRounds "7"]
[EventCountry "AUT"]
[SourceTitle "CBM 115"]
[Source "ChessBase"]
[SourceDate "2006.11.15"]
[SourceVersion "1"]
[SourceVersionDate "2006.11.15"]
[SourceQuality "1"]
[WhiteTeam "Saransk"]
[BlackTeam "Wollishofen"]
[WhiteTeamCountry "RUS"]
[BlackTeamCountry "SUI"]

1. d4 Nf6 2. c4 e6 3. Nc3 Bb4 4. f3 d5 5. a3 Bxc3+ 6. bxc3 c5 7. cxd5 Nxd5 8.
dxc5 Qa5 9. e4 Ne7 10. Be3 O-O 11. Qb3 Qc7 12. a4 Nd7 13. a5 $5 $146 {[%mdl 8]
A curious novelty in a well-known line, connected with a pawn sac.} (13. Qa3 f5
$1 14. Nh3 (14. Bd3 Ne5 15. Bc2 Nc4 16. Qc1 e5 17. Ne2 Nxe3 (17... fxe4 $5 18.
Bxe4 Bf5) (17... f4 $5) 18. Qxe3 Be6 19. O-O Rac8 20. Rab1 Nc6 $2 (20... f4 21.
Qf2 Rfd8 $44) 21. exf5 $16 {1-0 Erdogan,H-Yildiz,B/Antalya 2004/CBM 101/
[Mueller,Karsten] (50)}) 14... fxe4 15. fxe4 Ng6 (15... Ne5 16. Be2 N7g6 17.
Nf2 Nf4 18. Bxf4 Rxf4 19. O-O Bd7 20. g3 Rff8 21. Nd3 Rxf1+ 22. Rxf1 Nxd3 23.
Bxd3 Rc8 $11 {1/2-1/2 Vaisser,A-Psakhis,L/Novosibirsk 1993/CBM 036/[Wahls] (44)
}) 16. Bb5 $5 (16. Nf2 Nde5 17. Be2 Nf4 18. Bxf4 Rxf4 19. O-O Bd7 20. Rad1 Raf8
21. Qb4 Bc6 22. Qd4 {1/2-1/2 Golod,V-Makarichev,S/Simferopol 1990/EXT 97})
16... Nde5 (16... Nh4 $5) 17. Bf2 Ng4 18. Bg3 e5 19. O-O-O Ne3 20. Rd6 a6 21.
Bd3 Kh8 $13 {1-0 Roeschlau,B-Kersten,U/Bruchkoebel 2002/EXT 2003/[Hoehne,V/
Loukas,T] (42)}) 13... Nc6 (13... Nxc5 14. Qc4 Na6 15. Qxc7 Nxc7 16. Bc5 Re8
17. Bd6 Na6 18. Bb5 Nc6 19. e5 Bd7 20. Ne2 $14 {[%csl Ra6]}) 14. Bb5 Nxa5 (
14... Nce5 $5 15. Qa3 $140 f5 $1 {needs testing}) 15. Qa3 b6 (15... Nc6 16. Ne2
) 16. Ne2 Bb7 (16... Ne5 $5 {[%cal Ra5c4]} 17. Bd4 Rd8 (17... Nec6 18. O-O $1)
18. O-O Bd7) 17. O-O Rfc8 18. cxb6 axb6 19. Qe7 Nc5 20. Qxc7 Rxc7 21. Rfd1 $14
{[%csl Gb5,Rb6,Ge3][%cal Gd1d8][%mdl 4096] White has a bishop pair, controls
the d-file , and Black's b6 pawn is weak.} Rcc8 22. Ra2 {[%cal Rd1d6]} (22. Rd6
Nc4 $1 23. Rxa8 Nxd6) 22... Bc6 $1 23. Bxc5 Bxb5 $6 (23... bxc5 $142 $1 24. c4
(24. Rxa5 Rxa5 25. Bxc6 Kf8 26. Rd6 Ra6 27. Bb7 Rxd6 28. Bxc8 Ke7 {[%csl Rc8]})
24... Kf8 25. Kf2 $14 {/=}) 24. Bxb6 Bxe2 25. Rxe2 Nc4 26. Bf2 $16 {Of course,
such a weak extra pawn is not easy to convert but defense is quite hard, too!}
h6 27. h3 Rc6 28. Be1 g5 29. Rb1 Kg7 30. Bg3 Kg6 31. Kh2 Ra3 32. Be1 Rc8 33.
Rc2 Rc6 34. Bf2 Ra8 35. Rb4 Ra1 36. Bd4 e5 37. Bf2 Rc7 38. Re2 Rc1 39. Be1 Ra1
40. Rb8 Ra3 41. h4 Ra1 42. Kh3 f6 43. Kg4 Ra6 44. Rg8+ Kf7 45. Rd8 Kg6 46. Bf2
Ra3 47. Rc2 Ra1 48. h5+ Kf7 49. Rd5 Ke6 50. Rd8 Kf7 51. Rd5 Ke6 52. Rd8 Kf7 53.
Rh8 Kg7 54. Rb8 Kf7 55. Rd8 Ra6 56. Rd1 Ke6 57. Rb1 Kf7 58. Bg1 Ra4 59. Bf2 Ra6
60. Kh3 Ra4 61. Rcc1 Ra2 62. Bg1 Na3 $6 (62... Rd2 $142 63. Rb8 Nd6 64. Ra1
$140 $2 Rxc3 65. Ra7+ Ke6) 63. Rb8 Nc4 (63... Rd2 64. Bb6 Rc6 65. Ra1 $18) 64.
Rd1 $1 Rc2 $2 {Black eventually succumbs to pressure. The d1 rook now invades
Black's camp, which ends the game. However,} (64... Rd2 {apparently didn't
help either:} 65. Rxd2 Nxd2 66. Kg4 {[%cal Yg4f5]} Nc4 (66... Rxc3 67. Rb7+ Ke6
68. Rb6+ Ke7 69. Kf5) (66... Nf1 67. c4 $1 Rxc4 68. Rb1 Nd2 69. Rb7+ Ke6 70.
Rb6+ Ke7 71. Kf5 $18) 67. Rh8 Kg7 68. Ra8 {[%cal Ya8a6,Yg4f5]} Nd6 69. Ra6 Ne8
70. Ra7 $18 {The endgame is lost for Black because of his weak kingside pawns 
(especially h6).}) (64... g4+ $1 {was correct.} 65. Kg3 (65. fxg4 Nd2) 65...
gxf3 66. gxf3 Rd2 67. Rxd2 Nxd2 {and the weakness of White's f3 pawn
diminishes his winning chances.}) 65. Rh8 Kg7 (65... Ke6 66. Rxh6 g4+ $5 67.
Kg3 gxf3 68. gxf3 Rxc3 69. Rg6 $18) 66. Rdd8 Rc1 67. Rdg8+ Kf7 68. Rg6 Ke6 69.
Kh2 Nd2 70. Rhxh6 R7xc3 71. Rxf6+ Ke7 1-0

[Event "Pulvermuehle 6th"]
[Site "Pulvermuehle"]
[Date "2006.02.28"]
[Round "4"]
[White "Braun, Arik"]
[Black "Prusikin, Michael"]
[Result "0-1"]
[WhiteElo "2491"]
[BlackElo "2563"]
[Annotator "Prusikin,M"]
[PlyCount "52"]
[EventDate "2006.02.25"]
[EventType "tourn"]
[EventRounds "9"]
[EventCountry "GER"]
[EventCategory "12"]
[SourceTitle "EXT 2016"]
[Source "ChessBase"]
[SourceDate "2015.10.08"]
[SourceVersion "1"]
[SourceVersionDate "2015.10.08"]
[SourceQuality "1"]

1. d4 Nf6 2. c4 e6 3. Nc3 Bb4 4. f3 {Die erste Überraschung, so hat Arik noch
nie zuvor gespielt} d5 5. a3 Bxc3+ 6. bxc3 c5 7. cxd5 Nxd5 8. dxc5 Qa5 9. e4
Ne7 10. Be3 O-O 11. Qb3 Bd7 $5 {Auf der Suche mach Möglichkeiten, der
gegnerischen Vorbereitung sinnvoll auszuweichen, kam ich am Brett auf diesen
seltenen Zug.} 12. Kf2 {Eine Neuerung, die, bis heute keine Nachahmer fand,
dabei ist der Königszug durchaus möglich, kaum besser oder schlechter als
die zhalreichen Alternativen.} (12. Nh3 $5 Na6 13. Be2 Rfc8 14. O-O (14. Qxb7
Nxc5 15. Qb4 $14) 14... Nxc5 15. Qb4 Qc7 $11 {1-0 (36) Crouch,C (2395)-Lalic,S
(2375) Isle of Man 1994}) 12... Nbc6 13. Ne2 f5 $1 {Von Gavrikov mit "?!"
versehen, stellt dieser Zug die einzige Möglichkeit dar, die schlechte
Figurenkoordination des Anziehenden auszunutzen.} 14. Rd1 Be8 (14... Rad8 $4
15. Rxd7 $18) 15. Kg1 $6 (15. Qxe6+ $2 Bf7 16. Qd6 Rad8 $19) (15. Nf4 $1 {
Figurenentwicklung war angebracht:} fxe4 16. Bc4 $1 Nf5 (16... Bf7 $5 17. Rd7
exf3 18. gxf3 Rad8 19. Rhd1 $16) 17. Bxe6+ Kh8 18. Bxf5 Rxf5 19. fxe4 Rf7 (
19... Rxc5 $5 20. c4 $1 (20. Bxc5 Qxc5+ $13) 20... Re5 21. Rhf1 Rxe4 22. Kg1
$16 {und plötzlich es es den Nachziehende, dem es an Koordination mangelt.})
20. Rd5 Re7 21. Rhd1 $14) 15... fxe4 16. fxe4 $1 (16. Qxe6+ Bf7 17. Qxe4 Rfe8
18. Bf2 Nd5 $36) 16... Kh8 {Nach menschlichem Ermessen klar der logischste Zug.
Die berühmt berüchtigte "erste Linie" ist in dieser Stellung weder machbar
noch sinnvoll.} 17. Ng3 (17. h4 $5 Ne5 $1 $13) 17... Ne5 $3 {Nach langem
Nachdenken erkannte ich, dass der Be3, die weiße Schlüsselfigur, unbedingt
entfernt werden muss.} 18. Qxb7 Ba4 19. Rc1 ({Mit} 19. Qxe7 $5 {konnte Weiß
noch mal ordenlich Öl isn Feuer gießen:} Bxd1 20. Bd4 Rae8 21. Qg5 Ng6 22. h4
e5 23. h5 Nf4 24. h6 Qc7 $13) 19... Ng4 20. Qxe7 (20. Bd4 e5 $1 21. Qxe7 exd4
22. Nh5 (22. Nf5 Rxf5 23. exf5 dxc3 24. h3 Re8 25. Qd6 Rd8 26. Qe7 Re8 $11)
22... Rg8 23. h3 (23. cxd4 $4 Qd2 $19) 23... Ne3 24. Kh2 dxc3 $11) 20... Nxe3
21. Nh5 $4 {Ein seltsamer Einsteller, zumal Arik noch genug Zeit hatte. Die
Stellung befand sich im Gleichgewicht, z.B.} (21. h3 Bc2 22. Kh2 Qxc3 23. Be2
Rae8 24. Qd6 Rd8 25. Qe7 Rde8 $11) 21... Qxc3 $1 $19 22. h3 Rxf1+ 23. Rxf1 Nxf1
24. Kxf1 Qd4 25. Ke2 Qxe4+ 26. Kf2 Qf5+ 0-1

[Event "Vandoeuvre op 11th"]
[Site "Vandoeuvre"]
[Date "2014.12.28"]
[Round "6"]
[White "Savina, Anastasia"]
[Black "Cornette, Matthieu"]
[Result "1/2-1/2"]
[WhiteElo "2397"]
[BlackElo "2571"]
[Annotator "RR"]
[PlyCount "34"]
[EventDate "2014.12.26"]
[EventType "swiss"]
[EventRounds "9"]
[EventCountry "FRA"]
[SourceTitle "EXT 2017"]
[Source "ChessBase"]
[SourceDate "2016.10.25"]
[SourceVersion "1"]
[SourceVersionDate "2016.10.25"]
[SourceQuality "1"]

1. d4 {90} Nf6 2. c4 e6 3. Nc3 Bb4 4. f3 d5 (4... O-O) 5. a3 Bxc3+ 6. bxc3 c5
7. cxd5 exd5 8. e3 Qc7 9. Ne2 b6 $5 (9... O-O 10. g4 Re8 {La grande ligne} 11.
Bg2 Nc6 {Moskalenko,V (2572)-Rojas,L (2414) Montcada op 16th 2008 (3) 0-1}) 10.
g4 {79} Ba6 11. Qa4+ Qc6 12. Qxc6+ Nxc6 13. g5 Ng8 14. e4 Nge7 15. Be3 $14 {
Avec la paire de B et le centre, les Blancs ont gardé un petit avantage
d'ouverture} cxd4 16. cxd4 O-O 17. Bh3 Rfe8 {Suite illisible et nulle au
58ème coup} 1/2-1/2

[Event "Candidates final"]
[Site "Kuala Lumpur"]
[Date "1990.03.11"]
[Round "3"]
[White "Timman, Jan H"]
[Black "Karpov, Anatoly"]
[Result "1/2-1/2"]
[WhiteElo "2680"]
[BlackElo "2730"]
[Annotator "Tischbierek,R"]
[PlyCount "122"]
[EventDate "1990.03.??"]
[EventType "match"]
[EventRounds "12"]
[EventCountry "MAS"]
[SourceTitle "Candidates"]
[Source "ChessBase"]
[SourceDate "1999.07.01"]
[SourceVersion "2"]
[SourceVersionDate "1999.07.01"]
[SourceQuality "1"]

1. d4 {Van der Wiel} Nf6 2. c4 e6 3. Nc3 Bb4 4. f3 {/\ e4 [+]} d5 (4... c5) 5.
a3 Bxc3+ (5... Be7 6. e4 dxc4 (6... dxe4 7. fxe4 e5 8. d5 Bc5 $13) 7. Bxc4 c5
8. dxc5 Qxd1+ 9. Kxd1 Bxc5 {Kasparov-Ljubojevic/Linares/1990/}) 6. bxc3 c5 7.
cxd5 Nxd5 (7... exd5 8. e3 $14 {van der Wiel}) 8. dxc5 {Keres /\ () ^^} Qa5 9.
e4 Ne7 (9... Nxc3 $2 10. Qd2 Qxc5 {/\ Bb2, Bg7:+/- Ernst}) 10. Be3 O-O (10...
Qxc3+ 11. Kf2 $146) 11. Qb3 Qc7 $5 {N /\ 12... Nd7} (11... Na6 12. Rd1 $1 Nc6 (
12... Nxc5 13. Qb4 $16) 13. Bb5 $14 {van der Wiel}) (11... e5 12. Bc4 Na6 13.
Ne2 Nc6 14. Rb1 $5 Qc7 (14... Nxc5 15. Qb5) 15. Qa2 Na5 16. Bd5 Nxc5 17. O-O
$16 {Malaniuk-Komarov/Warschau/1989/}) 12. Bb5 (12. Nh3 e5 13. Rb1 Na6 $1 14.
Bxa6 bxa6 15. Nf2 Nc6 $1 16. O-O Na5 $44 {van der Wiel}) (12. Nh3) 12... Nec6 (
12... Na6 $5 13. Bxa6 $1 bxa6 14. Ne2 e5 15. c4 Rb8 16. Qa2 Be6 17. O-O (17.
Kf2 f5 $5) (17. Nc3 Qa5) 17... Nc6 18. Nc3 Nd4 19. Bxd4 exd4 20. Nd5 Qxc5 $10 {
van der Wiel}) 13. Rd1 $6 (13. Ne2 {Van der Wiel} Na5 14. Qa2 e5 15. c4 Be6 16.
Rc1 $13 a6 17. Ba4 Nxc4 $2 18. Rxc4 Bxc4 19. Qxc4 b5 20. Qd5 $18 {van der Wiel}
) (13. Bxc6 $5 Nxc6 14. Ne2 e5 15. Kf2 Be6 16. Qb5 Na5 17. Rhd1 Nc4 $1 18. Nc1
$1 $13 {van der Wiel}) 13... Na5 14. Qb4 $6 (14. Qa4 e5 15. Ne2 Be6 16. Rd6 a6
17. Bd3 b5 $1 $17 {van der Wiel}) 14... e5 15. Ne2 Be6 16. c4 (16. Rd5 $1 $8
Na6 17. Bxa6 bxa6 18. O-O $13 {van der Wiel}) (16. O-O $2 Bb3 17. Rb1 Nbc6 18.
Bxc6 bxc6 {/\ Rab8-+}) 16... a6 (16... Na6 $5 17. Bxa6 (17. Qa4 Nxc5 18. Bxc5
Qxc5 19. Qxa5 Bxc4 20. a4 a6 $19) 17... bxa6 $17 {/\ Rab8 >< <<}) 17. Ba4 Nxc4
18. Bf2 Nc6 19. Qc3 Qa5 {! Ernst, van der Wiel _|_ >< Pa3} 20. Bxc6 (20. Qxa5
N6xa5 21. Ra1 {? van der Wiel} (21. Nc3 $1 Nxa3 22. Nd5 $17 {van der Wiel})
21... Rfd8 {-/+/-+} (21... Nb2 $17)) 20... bxc6 21. Qxa5 Nxa5 22. O-O Rab8 {
-+ bei excellenter Technik} 23. Nc3 Rb3 24. Na4 Rxa3 25. Nb6 Nc4 26. h3 (26.
Nxc4 Bxc4 {>< Bf2}) 26... h5 27. Rc1 {?! van der Wiel} (27. Ra1 Rd8 (27... Rc3
28. Rfc1 $1 {van der Wiel}) 28. Rxa3 (28. Nxc4 $1 Rxa1 29. Rxa1 Bxc4 {/\ Bb5,
f6, Kf7-e6, Rd4, g6, f5} 30. Be1 {van der Wiel}) 28... Nxa3 29. Ra1 Rd3 $17)
27... Nb2 {! Ernst, van der Wiel} 28. Rb1 (28. Ra1 {>=} Rb3 (28... Rxa1 29.
Rxa1 Rd8 30. Rxa6 Rd1+ 31. Kh2 Nd3 (31... Rd2 $2 32. Bg1 Nd3 33. Ra8+ Kh7 34.
Rd8 Bxh3 35. Rxd3) 32. Bg1 (32. Bg3 {>=} h4 $5 33. Bxh4 Nxc5 $17) 32... Rc1 $1
{/\ Rc2, Nf4-+}) (28... Rc3 $1 29. Rxa6 Nd3 30. Ra5 Rc2 31. Be3 Re2 $1 32. Bc1
Ne1 $19 {van der Wiel}) 29. Rxa6 Rd8 $17) 28... Nd3 29. Rfd1 f5 $1 30. exf5 {
? van der Wiel} (30. Be3 $1 f4 $1 (30... fxe4 31. fxe4 Nf4 32. Bxf4 Rxf4 33.
Rd6 {+/-/}) 31. Bd2 $1 g5 32. Bb4 Nxb4 33. Rxb4 g4 34. hxg4 hxg4 35. Rd6 $1 $13
Ra1+ 36. Kf2 Ra2+ 37. Ke1 Rf6 38. Nd5 $1 cxd5 39. exd5 Rh6 40. Rb8+ {/\ 41.
Rb7= van der Wiel}) 30... Rxf5 31. Rd2 (31. Be3 e4 $1 (31... Nf4 $1 {/\ Re3,
Rg5 Ernst}) 32. fxe4 Re5) 31... Nxf2 $138 32. Kxf2 e4 33. Re1 {[] van der Wiel}
e3+ 34. Rxe3 Rxe3 35. Kxe3 Rxc5 $19 36. Nd7 Rb5 {? Ernst} (36... Rd5 {! Ernst}
37. Nb8 $1 {van der Wiel} (37. Rxd5 Bxd5 {Ernst})) 37. f4 a5 38. Ne5 Bd5 39.
Rc2 Rb6 (39... a4 $6 40. Nxc6 Bxc6 41. Rxc6 Ra5 42. Rc2 a3 43. Ra2 Kf7 44. g4
h4 $1 45. Kf3 Kf6 $19 46. Ke4 Ra4+ 47. Kf3 (47. Kd3 Rxf4) 47... Ke6 48. Ke3 Kd5
{van der Wiel}) 40. g4 a4 {! van der Wiel} (40... hxg4 $2 {van der Wiel}) 41.
Rc3 h4 {?! van der Wiel} (41... Rb3 42. Kd4 a3 43. Rxb3 Bxb3 44. Kc3 a2 45. Kb2
c5 $19 {>< >>} (45... c5 46. Nf3 c4 47. Nd4 c3+ 48. Ka1 Bc4 49. gxh5 Kh7 50.
Nc2 Kh6 51. Nb4 Kxh5 52. Nxa2 Bxa2 53. Kxa2 Kh4 54. Kb3 Kxh3 55. Kxc3 Kg4 $19 {
van der Wiel})) 42. Ng6 Rb3 (42... Bb3 43. Ne7+ Kf8 44. Nxc6 a3 45. Nd4 a2 46.
Rxb3 $1 a1=Q 47. Rxb6 {van der Wiel}) 43. Kd2 Rb2+ $2 (43... a3 44. Rxb3 (44.
Ne7+ Kf7 45. Nxd5 a2 46. Rc1 Rb1 $19) 44... Bxb3 45. Kc3 a2 46. Kb2 c5 {
-+ vgl, Anmerkung im 41. Zug.} (46... c5 $19 {Thomas Ernst} 47. Nxh4 c4 48. Nf3
c3+ 49. Ka1 c2 $19 {Ernst}) (46... c5 $1 $10 {van der Wiel} 47. Ka1 $3 c4 (
47... Kf7 48. Nxh4 Ke6 (48... c4 49. Nf3 c3 50. Nd4 Bc4 51. Nc2 $10) 49. Nf3 (
49. Nf5 Kd5 $1 50. Nxg7 c4 $17) 49... Kd5 50. Nd2 c4 51. f5 Kd4 (51... Ke5 $5
52. h4 $1 $10) 52. g5 Ke5 (52... Kd3 53. f6) (52... Ba4 53. f6 gxf6 54. gxf6
Be8 55. Nxc4 $5 $10) 53. f6 gxf6 54. gxf6 Kxf6 55. Nxc4 $1 $10) 48. Ne7+ $1 Kf7
49. Nd5 $10 Ke6 (49... Bd1 50. Ne3 (50. Nc3)) 50. Nc3 g6 $1 51. Nxa2 (51. Kb2
Kd6 52. Ka1 Kc5 $1) 51... Bxa2 (51... Kd5 52. Nc3+ Kd4 53. Kb2 $16) 52. Kxa2
Kd5 53. Kb2 Ke4 54. f5 gxf5 55. g5 $1 Ke5 (55... Kd3 56. g6 Kd2 57. g7 c3+ 58.
Kb3 c2 59. g8=Q c1=Q 60. Qg5+ $10) (55... f4 56. g6 f3 57. g7 f2 58. g8=Q f1=Q
59. Qe6+ $15) 56. Kc3 Ke6 57. Kxc4 Kf7 58. Kd5 Kg6 59. Kd4 $1 Kxg5 60. Ke5 Kg6
61. Kd4 $1 Kf6 62. Kd5 f4 63. Ke4 Kg5 64. Kd3 $1 Kf5 65. Kd4 $10 {van der Wiel}
)) 44. Kd3 Kf7 (44... Bb3 {! -+ van der Wiel} 45. Rxc6 (45. Ne7+ Kf8 46. Nxc6
a3 47. Nd4 a2 48. Rxb3 $19 {van der Wiel}) 45... a3 46. f5 {/\ 47.Rc8+ Kf7 49.
Rf8#} (46. Rc7 a2 47. f5 Kh7 $1 $19) 46... Kf7 (46... Kh7 47. Nf8+) 47. g5 Ke8
(47... a2 $1 48. Ra6 (48. Rc8 Bc2+ 49. Kc3 Rb8 50. Rxb8 (50. Rc7+ Ke8 51. Re7+
Kd8 52. Ra7 Bxf5 $19) 50... a1=Q+ 51. Kxc2 Qa4+ $19) 48... Ke8 {/\ Rb2-b1 -+
van der Wiel}) 48. f6 a2 49. Ne5 {/\ 50.Rc8#} Kd8 50. f7 Bxf7 (50... Rf2 51.
Ra6) 51. Nxf7+ Ke7 52. Rc7+ Kf8 53. Ra7 a1=Q 54. Rxa1 Kxf7 55. Ra4 Rb3+ 56. Ke4
Rxh3 57. Kf4 $10) 45. Ne5+ Ke8 (45... Ke6 $6 46. Nxc6 a3 47. Nd4+) (45... Kf6
$6 46. Nxc6 a3 47. g5+) 46. f5 (46. Nxc6 a3) 46... Bg2 (46... Bb3 47. Rxc6 a3
48. Rc8+ $1 Ke7 49. Ra8 a2 50. Nc6+ $1 Kd6 51. Nb4 $10 {van der Wiel}) 47. Kd4
Rb5 $2 {/\ 48...Rd5 -+} (47... Rb3 $10 48. Rc4 $1 $8 a3 49. Ra4 Bxh3 50. Ra8+
Ke7 51. Ra7+ $10 {van der Wiel}) (47... Rb3 $19) 48. Ng6 (48. Nxc6 $2 a3 $1 $19
{van der Wiel}) 48... Rb4+ 49. Ke5 Rb3 50. Rc2 Bxh3 51. Rxc6 Bg2 (51... Bxg4
52. Ke6 (52. Nxh4 $10) 52... Re3+ 53. Ne5 Rxe5+ 54. Kxe5 h3 55. Rc2 $1 $10 {
van der Wiel}) 52. Re6+ Kd7 53. Nxh4 Bc6 54. Rg6 Re3+ 55. Kd4 Re7 56. Kc5 Re5+
57. Kb4 Re4+ 58. Kc5 Re5+ 59. Kb4 Re7 60. Kc5 Bb7 61. Kb4 Bc6 1/2-1/2

[Event "RUS-ch51"]
[Site "St Petersburg"]
[Date "1998.08.03"]
[Round "7"]
[White "Volkov, Sergey"]
[Black "Ionov, Sergey"]
[Result "1-0"]
[WhiteElo "2605"]
[BlackElo "2545"]
[Annotator "Tisdall,J"]
[PlyCount "133"]
[EventDate "1998.07.28"]
[EventType "swiss"]
[EventRounds "11"]
[EventCountry "RUS"]
[SourceTitle "CBM 067"]
[Source "ChessBase"]
[SourceDate "1998.11.30"]
[SourceVersion "2"]
[SourceVersionDate "1998.11.01"]
[SourceQuality "1"]

{[%mdl 3080]} 1. d4 Nf6 2. c4 e6 3. Nc3 Bb4 4. f3 d5 5. a3 Bxc3+ 6. bxc3 c5 7.
cxd5 Nxd5 8. Qd3 b6 9. e4 Ba6 10. Qd2 Bxf1 11. Kxf1 Ne7 12. dxc5 $146 (12. Ne2
Nbc6 13. dxc5 Qc8 14. Qe3 O-O 15. cxb6 Rd8 16. Kf2 axb6 17. Rb1 Ne5 18. Qxb6
Qc4 19. Be3 Nd3+ 20. Kg3 f5 $1 {0-1 Shirov,A-Georgiev,K/Biel 1992/CBM 31/
[Ftacnik] (41)}) 12... Nd7 {!? - J. Arnason} 13. cxb6 Qxb6 (13... axb6 {
Looks like a more natural recapture, to add the a-file to his compensatory
ingredients, and prevent the creation of a passed pawn for white.}) 14. Qd4 Nc5
15. Qb4 Qa6+ 16. c4 Rc8 17. Ne2 Nd7 $6 {The beginning of a series of
retrograde moves. Black could play more directly and try to demonstrate his
compensation through long-term piece activity with the natural} (17... O-O {
intending to post his queen on d6 in response to direct annoyance. In
particular, retreating from c5 makes it much easier for white to coordinate
his postiion by playing Kf2.} 18. Be3 (18. Qb5 Qd6) 18... Qd6 19. Bxc5 {
is not a real solution since black easily organizes serious pressure against
the c-pawn:} Rxc5 20. Kf2 Nc6) 18. Qb5 Qb6 (18... Qd6 19. Be3 a6 20. Qa4 $5 Qd3
21. Rd1 (21. Kf2 Qxc4 (21... Rxc4 22. Qxa6) 22. Qxc4 Rxc4 23. Rab1 {also gives
white a strong initiative.}) 21... Rxc4 22. Rxd3 Rxa4 23. Kf2 {and white's
advantage in development gives his a safe edge.}) 19. Bb2 O-O 20. Rd1 (20. Bd4
Qc7) 20... a6 21. Qb4 (21. Qxd7 Rfd8 22. Qa4 Rxd1+ 23. Qxd1 Qxb2 $36) 21... Nc6
22. Qc3 Nf6 (22... Nde5 $5 {has the advantages of being trickier and messier,
though not necessarily better.} 23. c5 (23. f4 $2 Rfd8 $1 (23... f6 24. c5) 24.
Rc1 (24. Re1 Rd3 25. Qc2 Ng4) 24... Rd3 25. Qc2 Qe3 $40) 23... Qb5 24. Kf2 $16
(24. f4 Rfd8 25. Rd6 Rb8 $132) 24... f5 25. exf5 Rxf5 26. Ng3 Rf7 27. Ne4) 23.
c5 Qb5 24. Kf2 {White completes development and has driven the black Ns to
passive posts in the meantime, spelling the end of black's compensation.} Na5
25. a4 $1 Qb7 (25... Qxc5+ 26. Qxc5 Rxc5 27. Ba3 $18) 26. Ba3 Nc6 27. Rd6 Rb8
28. Bc1 Rfc8 29. Bf4 Qb4 30. Rxc6 $1 Rxc6 31. Bxb8 Qxb8 32. Nd4 Rc8 33. g3 h5
34. Kg2 h4 35. c6 hxg3 36. hxg3 Qe5 37. Qc4 Rc7 38. Rd1 $6 (38. Qxa6 $1 Nh5 39.
Ne2 $18) 38... g5 $5 (38... Nxe4 39. fxe4 Qxe4+ 40. Kf2 e5 41. Qc2 (41. Qb3
exd4 42. Qb8+ Kh7 43. Qxc7 Qc2+ 44. Ke1 Qe4+ $11) 41... Qxc2+ 42. Nxc2 Rxc6 43.
Ne3 $18) 39. Qxa6 g4 40. Qb5 gxf3+ 41. Nxf3 Qxe4 42. Rd8+ $2 (42. Re1 Qxc6 (
42... Qc2+ 43. Re2) 43. Qg5+ Kf8 44. Qxf6 $18) 42... Kg7 43. Rd4 Qg6 (43...
Qc2+ 44. Rd2 Qg6) 44. Qc4 Nd5 45. Kf2 Qb1 46. a5 Qb2+ 47. Rd2 Qb4 48. Qd4+ Kf8
(48... Qxd4+ 49. Nxd4 Nb4 50. Ke3 Rc8 51. Rb2 Nxc6 52. Rc2 Ne7 53. Rxc8 Nxc8
54. Nc6 Kf6 (54... Kf8 55. Kd4 Ke8 56. Kc5 Kd7 57. Ne5+ Ke7 58. Kc6 $18) 55.
Kf4 $18) 49. a6 Ke7 (49... Rxc6 50. Qxb4+ Nxb4 51. Rd8+ Ke7 52. a7) 50. Ra2
Qxd4+ 51. Nxd4 e5 52. a7 Nb6 53. Ra6 Na8 (53... exd4 54. Rxb6 Rxa7 55. Rb7+)
54. Nb5 Rc8 55. c7 $18 Rg8 56. Kf3 f5 57. Rc6 Kd7 58. Rd6+ Kc8 59. Rd5 e4+ 60.
Kf4 Nb6 61. Rxf5 e3 62. Kf3 Kb7 63. Rf7 Nc8 64. Rd7 e2 65. Kxe2 Rxg3 66. Nd6+
Nxd6 67. Rxd6 (67. c8=Q+ Kxc8 68. a8=Q+ Kxd7) 1-0

[Event "RUS-ch51"]
[Site "St Petersburg"]
[Date "1998.08.07"]
[Round "11"]
[White "Volkov, Sergey"]
[Black "Yakovich, Yuri"]
[Result "1-0"]
[WhiteElo "2605"]
[BlackElo "2560"]
[Annotator "Tisdall,J"]
[PlyCount "51"]
[EventDate "1998.07.28"]
[EventType "swiss"]
[EventRounds "11"]
[EventCountry "RUS"]
[SourceTitle "CBM 067"]
[Source "ChessBase"]
[SourceDate "1998.11.30"]
[SourceVersion "2"]
[SourceVersionDate "1998.11.01"]
[SourceQuality "1"]

{[%mdl 8200]} 1. d4 Nf6 2. c4 e6 3. Nc3 Bb4 4. f3 d5 5. a3 Bxc3+ 6. bxc3 c5 7.
cxd5 Nxd5 8. dxc5 Qa5 9. e4 Nf6 10. Be3 O-O 11. Qb3 Nfd7 12. Nh3 Qc7 13. Qb5
$146 (13. a4 Nxc5 14. Qa3 Nba6 (14... b6 15. a5 Ba6 16. Bxa6 Nbxa6 17. axb6
axb6 18. O-O Qc6 19. Nf2 b5 20. Rfd1 Na4 21. Bd4 f6 22. Qb3 N6c5 23. Qb4 Na6
24. Qb3 N6c5 25. Qb4 Na6 {1/2-1/2 Laveryd,P-Wedberg,T/SVE-chT 9596 1996/EXT 97
(25)}) 15. Nf2 Bd7 16. Bb5 Rfc8 17. O-O e5 18. Bxd7 Nxd7 19. Rfd1 Nab8 20. Qe7
Rd8 21. Ng4 Nc6 22. Qg5 Kh8 23. Nh6 Nb6 24. Qf5 Rxd1+ 25. Rxd1 Rf8 26. a5 Nxa5
27. Qxe5 Qxe5 28. Nxf7+ Kg8 29. Nxe5 Rc8 30. f4 Na4 31. Bd4 Kf8 32. Rd3 Nb3 33.
Nd7+ Kf7 34. c4 Nxd4 35. Rxd4 Ke7 36. Ne5 Nc5 37. Kf2 a5 38. Ke3 a4 39. Rd2 a3
40. Ra2 Ra8 41. Nd3 Nb3 42. g4 Ra4 43. g5 b6 44. h4 Na5 45. Ne5 Nb3 46. f5 Nc1
47. Rd2 a2 48. Nc6+ Kf8 49. Rd8+ Kf7 50. e5 Ra3+ 51. Ke4 {1-0 Pomes,
J-Spraggett,K/Platja d'Aro 1994/EXT 94 (51)}) 13... b6 $1 14. Rd1 Nxc5 15. Bxc5
Ba6 $4 (15... bxc5 {does not leave black with any problems that I can see.})
16. Qa4 Bxf1 17. Bxf8 Bxg2 18. Kf2 $1 {Much simpler than} (18. Qe8 $5 Qxc3+ 19.
Rd2 Qe3+ (19... Qc1+ 20. Ke2 Bxf3+ 21. Kxf3 (21. Ke3 Qc3+ 22. Rd3 Qc6 23. Qxc6
Nxc6 24. Kxf3 Ne5+ 25. Ke3 Nxd3 26. Bxg7) 21... Qxh1+ 22. Kg3 h6 23. Rf2 $18)
20. Re2 Qc3+ 21. Kd1) 18... Bxh1 19. Bd6 Qd8 (19... Qc8 20. Bc7 $1) 20. Bc7
Qh4+ 21. Bg3 Qe7 22. Rxh1 $18 Nd7 23. Rd1 Nc5 24. Qc6 Re8 25. Kg2 e5 26. Qd6
1-0